000 00266nam a22001217a 4500
008 170516b xxu||||| |||| 00| 0 eng d
041 _aeng
080 _a94(100)
100 _a16
101 _aSHH
245 _aWORLD TOGETHER PARTS
_cBROWN.T.A
942 _2udc
_cBK
999 _c13400
_d13400